[Event "Werner-Ott-Open Kreuzberger Sommer 2015"]
[Site "Berlin"]
[Date "2015.07.15"]
[Round "5.1"]
[White "Kalinitschew, Sergey"]
[Black "Muse, Drazen"]
[Result "0-1"]
[WhiteElo "2427"]
[BlackElo "2404"]
[PlyCount "116"]
[EventDate "2015.??.??"]
[WhiteTeam "SC Kreuzberg"]
[BlackTeam "SK K[+]nig Tegel"]

1. d4 Nf6 2. Nf3 g6 3. c4 Bg7 4. g3 O-O 5. Bg2 c6 6. O-O d5 7. cxd5 cxd5 8. Nc3
Nc6 9. Ne5 e6 10. f4 Nd7 11. Be3 Ndxe5 12. fxe5 f6 13. exf6 Rxf6 14. Qd2 Bd7
15. Kh1 Qe7 16. Rfd1 Rff8 17. Bg1 Rad8 18. e4 dxe4 19. Nxe4 Be8 20. Qg5 Rf7 21.
Qg4 h5 22. Qg5 b6 23. Qxe7 Rxe7 24. Be3 Rf7 25. Nc3 Rf5 26. Be4 Rf8 27. Rac1
Kh7 28. a3 Na5 29. Ne2 Ba4 30. Re1 Bh6 31. Nf4 Bxf4 32. Bxf4 Rd7 33. Be5 Bb3
34. Rf1 Rxf1+ 35. Rxf1 Bd5 36. Bxd5 exd5 37. Rf8 g5 38. Rf5 Kg6 39. Rf6+ Kh7
40. Rf5 Kg6 41. Rf6+ Kh7 42. h4 gxh4 43. gxh4 Nc4 44. Rf5 Kg6 45. Rg5+ Kh6 46.
Kg2 Rf7 47. Rg8 Nxe5 48. dxe5 Rg7+ 49. Rxg7 Kxg7 50. Kf3 Kf7 51. Ke3 Ke6 52.
Kd4 b5 53. b3 a5 54. b4 a4 55. Kc5 Kxe5 56. Kxb5 d4 57. Kxa4 d3 58. Kb3 Ke4 0-1

[Event "Werner-Ott-Open Kreuzberger Sommer 2015"]
[Site "Berlin"]
[Date "2015.07.15"]
[Round "5.2"]
[White "Stern, Rene"]
[Black "Bruedigam, Martin"]
[Result "1/2-1/2"]
[WhiteElo "2533"]
[BlackElo "2350"]
[PlyCount "50"]
[EventDate "2015.??.??"]
[WhiteTeam "SK K[+]nig Tegel"]
[BlackTeam "SK K[+]nig Tegel"]

1. d4 Nf6 2. c4 e6 3. Nc3 Bb4 4. e3 b6 5. Nge2 Bb7 6. a3 Be7 7. Ng3 d5 8. cxd5
exd5 9. b4 O-O 10. Rb1 Re8 11. Bd3 c6 12. O-O a5 13. f3 axb4 14. axb4 Na6 15.
b5 Nb4 16. bxc6 Bxc6 17. Be2 Bf8 18. Bd2 Qd7 19. Rb3 h5 20. Qb1 h4 21. Nh1 Na6
22. Rxb6 Nb4 23. Nb5 Qd8 24. Rxc6 Nxc6 25. Rc1 Qb6 1/2-1/2

[Event "Werner-Ott-Open Kreuzberger Sommer 2015"]
[Site "Berlin"]
[Date "2015.07.15"]
[Round "5.3"]
[White "Von Herman, Ulf"]
[Black "Kutschke, Jens"]
[Result "1-0"]
[WhiteElo "2375"]
[BlackElo "1994"]
[Annotator "Kreuzberg,Schachclub"]
[PlyCount "61"]
[EventDate "2015.??.??"]
[WhiteTeam "SK K[+]nig Tegel"]
[BlackTeam "SF 1903 Berlin"]

1. c4 {[%emt 0:00:00]} Nf6 2. Nc3 g6 3. e4 d6 4. d4 Bg7 5. h3 O-O 6. Bg5 h6 7.
Be3 e5 8. d5 Nbd7 9. Bd3 Kh7 10. Nf3 Ng8 11. g4 Nc5 12. Bc2 f5 13. exf5 gxf5
14. gxf5 e4 15. Nd4 Bxd4 16. Qxd4 Nd3+ 17. Ke2 Bxf5 18. Nxe4 Ne5 19. Rag1 Qh4
20. Rg3 Qh5+ 21. f3 Bg6 22. Rf1 Ne7 23. Qc3 Nf5 24. Rg4 Qxh3 25. Rgg1 Qh2+ 26.
Kd1 Nxc4 27. Bf2 b5 28. Ng5+ Kg8 29. Ne6 Nce3+ 30. Kc1 Nxc2 31. Rxg6+ 1-0

[Event "Werner-Ott-Open Kreuzberger Sommer 2015"]
[Site "Berlin"]
[Date "2015.07.15"]
[Round "5.4"]
[White "Lerch, Philipp"]
[Black "Giemsa, Stephan"]
[Result "1/2-1/2"]
[WhiteElo "2324"]
[BlackElo "2322"]
[PlyCount "133"]
[EventDate "2015.??.??"]
[WhiteTeam "SC Kreuzberg"]
[BlackTeam "SK K[+]nig Tegel"]

1. c4 e5 2. g3 Nf6 3. Bg2 c6 4. d4 exd4 5. Qxd4 Na6 6. Nf3 Nb4 7. Qd1 d5 8. a3
Na6 9. cxd5 Qxd5 10. Qxd5 Nxd5 11. Nd4 Bc5 12. Nb3 Bb6 13. Bxd5 cxd5 14. Nc3
Be6 15. Na4 Rc8 16. Nxb6 axb6 17. Be3 Nc5 18. Nd4 O-O 19. Rc1 Bh3 20. f3 Ne6
21. Kd2 Nxd4 22. Bxd4 b5 23. g4 f5 24. Rxc8 Rxc8 25. Rg1 fxg4 26. fxg4 Re8 27.
e3 Rc8 28. Bc3 Rf8 29. Ke2 g6 30. Bd4 Rf7 31. b3 Kf8 32. Be5 Ke8 33. Bf4 h5 34.
gxh5 gxh5 35. Rg8+ Rf8 36. Rg6 d4 37. Rb6 dxe3 38. Kxe3 Bg2 39. Rxb5 h4 40. a4
h3 41. b4 Rf6 42. Rh5 Re6+ 43. Be5 Kd7 44. Kd4 Rg6 45. Rh7+ Ke6 46. Bc7 Rg4+
47. Kc5 Bf1 48. Rh6+ Kd7 49. Bd6 Rc4+ 50. Kd5 Rc2 51. Rh7+ Kc8 52. Be5 Rd2+ 53.
Ke6 Bg2 54. b5 Bf3 55. Rh4 b6 56. Rh8+ Rd8 57. Rh7 Bg4+ 58. Kf6 Rd7 59. Rh4 Bd1
60. Rb4 Kb7 61. Ke6 Rh7 62. Bf6 Rh6 63. Kf5 Bc2+ 64. Ke6 Bd1 65. Rd4 Bb3+ 66.
Kf5 Bc2+ 67. Ke6 1/2-1/2

[Event "Werner-Ott-Open Kreuzberger Sommer 2015"]
[Site "Berlin"]
[Date "2015.07.15"]
[Round "5.5"]
[White "Richter, Goetz"]
[Black "Jahnz, Fabian"]
[Result "1/2-1/2"]
[WhiteElo "2085"]
[BlackElo "2221"]
[Annotator "Kreuzberg,Schachclub"]
[PlyCount "45"]
[EventDate "2015.??.??"]
[WhiteTeam "Klub K[+]lner SF"]
[BlackTeam "SK K[+]nig Tegel"]

1. e4 {[%emt 0:00:00]} e5 2. Nf3 Nc6 3. d4 exd4 4. Nxd4 Bb4+ 5. c3 Bc5 6. Nxc6
bxc6 7. Bd3 Ne7 8. Nd2 d6 9. O-O O-O 10. Kh1 Kh8 11. b4 Bb6 12. Nf3 Ng6 13. Qc2
Bg4 14. Nd4 Ne5 15. Ba6 c5 16. bxc5 dxc5 17. Nf5 Bxf5 18. exf5 Qh4 19. c4 Nc6
20. Bb7 Nd4 21. Qe4 Qxe4 22. Bxe4 Rae8 23. f3 1/2-1/2

[Event "Werner-Ott-Open Kreuzberger Sommer 2015"]
[Site "Berlin"]
[Date "2015.07.15"]
[Round "5.6"]
[White "Solhjou, Mohammed Hassan"]
[Black "Schmidek, Emil"]
[Result "1-0"]
[WhiteElo "2004"]
[BlackElo "2181"]
[Annotator "Kreuzberg,Schachclub"]
[PlyCount "95"]
[EventDate "2015.??.??"]
[WhiteTeam "SC Kreuzberg"]
[BlackTeam "TuS Makkabi Berlin"]

1. e4 {[%emt 0:00:00]} e5 2. Nf3 Nc6 3. Bc4 Nf6 4. Ng5 d5 5. exd5 Na5 6. Bb5+
c6 7. dxc6 bxc6 8. Bd3 Ng4 9. Ne4 f5 10. Be2 Nf6 11. Nxf6+ Qxf6 12. Nc3 Bd6 13.
d3 O-O 14. Bd2 Rb8 15. a3 c5 16. Bf3 Bb7 17. O-O Nc6 18. b4 Nd4 19. Bxb7 Rxb7
20. f4 exf4 21. Nd5 Qe5 22. Nxf4 cxb4 23. axb4 Qf6 24. c3 Bxf4 25. Bxf4 Ne6 26.
Qb3 Kh8 27. Ra6 Rb6 28. Ra5 Nxf4 29. Rxf4 Qg5 30. g3 Qh5 31. Rxa7 Re8 32. Qf7
Re1+ 33. Kg2 Qxf7 34. Rxf7 h6 35. R4xf5 Rc1 36. Rc5 Rd6 37. Rc8+ Kh7 38. Rcc7
Rxd3 39. Rxg7+ Kh8 40. Rge7 Rd8 41. Rh7+ Kg8 42. Rxh6 Rc2+ 43. Kh3 Rf2 44. Kg4
Re8 45. Rg6+ Kh8 46. Rc5 Kh7 47. Kg5 Rxh2 48. Rc7+ 1-0

[Event "Werner-Ott-Open Kreuzberger Sommer 2015"]
[Site "Berlin"]
[Date "2015.07.15"]
[Round "5.7"]
[White "Bachran, Boris"]
[Black "Von Wantoch-Rekowski, Danijela"]
[Result "1/2-1/2"]
[WhiteElo "1975"]
[BlackElo "2166"]
[PlyCount "137"]
[EventDate "2015.??.??"]
[WhiteTeam "SG Lok Brandenburg"]
[BlackTeam "SF Berlin"]

1. d4 d5 2. Nf3 Nf6 3. Bf4 Bf5 4. e3 e6 5. Bd3 Bg6 6. O-O Nbd7 7. Bg5 Be7 8.
Qe2 O-O 9. Bxf6 Nxf6 10. Bxg6 hxg6 11. Nbd2 c5 12. dxc5 Bxc5 13. Qb5 Qc7 14. c3
Rad8 15. Rad1 e5 16. Nb3 Bb6 17. a4 a6 18. Qb4 e4 19. Nfd4 Ng4 20. g3 Ne5 21.
Nc1 Bxd4 22. exd4 Nf3+ 23. Kg2 Qd7 24. Nd3 Qf5 25. Ne1 Qh5 26. Nxf3 exf3+ 27.
Kh1 g5 28. Rde1 Rd7 29. Re7 Rfd8 30. Qc5 Kh7 31. Rxd7 Rxd7 32. Qc8 Qh3 33. Rg1
Qe6 34. g4 Re7 35. Qxe6 Rxe6 36. Rb1 Re2 37. Kg1 Rc2 38. h3 Kg6 39. Kh2 Rxf2+
40. Kg3 Rd2 41. Kxf3 Rd3+ 42. Kg2 f6 43. Rf1 b5 44. axb5 axb5 45. Rf5 Rd2+ 46.
Kg3 Rxb2 47. Rxd5 Rb3 48. Kg2 Kf7 49. Rc5 Ke6 50. Kh2 Kd6 51. Rc8 Kd7 52. Rc5
b4 53. cxb4 Rxb4 54. d5 Kd6 55. Rc6+ Kxd5 56. Rc7 Ke4 57. Rxg7 Kf3 58. Rc7 Rb2+
59. Kh1 Ke4 60. Rc3 Rf2 61. Ra3 Kf4 62. Kg1 Rf3 63. Rxf3+ Kxf3 64. Kh2 Kf4 65.
Kg2 Ke3 66. Kg3 Ke4 67. h4 gxh4+ 68. Kxh4 Kf3 69. g5 1/2-1/2

[Event "Werner-Ott-Open Kreuzberger Sommer 2015"]
[Site "Berlin"]
[Date "2015.07.15"]
[Round "5.8"]
[White "Boettcher, Patrick"]
[Black "Zahn, Benno"]
[Result "1/2-1/2"]
[WhiteElo "2161"]
[BlackElo "2069"]
[Annotator "Kreuzberg,Schachclub"]
[PlyCount "65"]
[EventDate "2015.??.??"]
[WhiteTeam "SC Zitadelle Spandau"]
[BlackTeam "SV Hellas Nauen"]

1. d4 {[%emt 0:00:00]} d5 2. c4 e6 3. Nf3 Nf6 4. g3 dxc4 5. Bg2 a6 6. Ne5 Nd5
7. Nxc4 b5 8. Ne5 Bb7 9. O-O Nd7 10. e4 N5f6 11. Qe2 c5 12. Nxd7 Nxd7 13. Be3
cxd4 14. Bxd4 e5 15. Be3 Bc5 16. Rd1 Bxe3 17. Qxe3 Qb6 18. Qg5 Qf6 19. Qd2 Nb6
20. Nc3 O-O 21. b3 Rad8 22. Qe3 Rd4 23. Ne2 Rdd8 24. Rac1 h6 25. Qc3 Rc8 26.
Qb4 Rfd8 27. Rxc8 Bxc8 28. Rc1 Qd6 29. Qxd6 Rxd6 30. Nc3 Be6 31. Nd5 Bxd5 32.
exd5 Kf8 33. Be4 1/2-1/2

[Event "Werner-Ott-Open Kreuzberger Sommer 2015"]
[Site "Berlin"]
[Date "2015.07.15"]
[Round "5.9"]
[White "Bolk, Matthias"]
[Black "Schnoor, Ekkehard"]
[Result "0-1"]
[WhiteElo "2062"]
[BlackElo "2141"]
[PlyCount "48"]
[EventDate "2015.??.??"]
[WhiteTeam "ohne Verein"]
[BlackTeam "SC Kreuzberg"]

1. e4 c5 2. b4 cxb4 3. a3 d5 4. exd5 Qxd5 5. Nf3 e5 6. Bb2 Nc6 7. axb4 Bxb4 8.
Na3 Bxa3 9. Rxa3 Nge7 10. Qa1 f6 11. Ra4 b5 12. Qa2 bxa4 13. Bc4 Qe4+ 14. Kd1
Bg4 15. Re1 Bxf3+ 16. gxf3 Qxf3+ 17. Kc1 O-O-O 18. Qxa4 Qxf2 19. Rd1 Qb6 20.
Bc3 Kc7 21. d3 Rb8 22. h4 Rhd8 23. h5 Nd5 24. Bd2 Qb1# 0-1

[Event "Werner-Ott-Open Kreuzberger Sommer 2015"]
[Site "Berlin"]
[Date "2015.07.15"]
[Round "5.10"]
[White "Kopisch, Martin"]
[Black "Inhoven, Stefan"]
[Result "1-0"]
[WhiteElo "2139"]
[BlackElo "2080"]
[PlyCount "129"]
[EventDate "2015.??.??"]
[WhiteTeam "Bille SC"]
[BlackTeam "SK Weinheim"]

1. d4 g6 2. g3 Bg7 3. Bg2 c5 4. d5 d6 5. c4 Qa5+ 6. Bd2 Qa6 7. Qb3 Nh6 8. Bc3
f6 9. a4 Nf5 10. Nf3 Nd7 11. e4 Nh6 12. O-O O-O 13. Nbd2 Qb6 14. Qc2 Nb8 15.
Ne1 Na6 16. Nd3 Ng4 17. a5 Qc7 18. h3 Ne5 19. Ne1 Nf7 20. f4 f5 21. Bxg7 Kxg7
22. Qc3+ Kg8 23. exf5 Bxf5 24. g4 Bd7 25. Nd3 Rae8 26. Ne4 h6 27. Rae1 Kh7 28.
Re2 b6 29. axb6 Qxb6 30. f5 gxf5 31. gxf5 Rg8 32. Kh2 Nb4 33. f6 e5 34. Nxb4
cxb4 35. Qd3 Kh8 36. b3 Ref8 37. Re3 Qa6 38. Qe2 Qb6 39. Rff3 Rg6 40. Rg3 Rfg8
41. Rxg6 Rxg6 42. Qf3 Qd4 43. Rd3 Qb2 44. Rd2 Qb1 45. Rf2 Kh7 46. Bf1 Qe1 47.
Qe2 Qb1 48. Bg2 Kg8 49. Nd2 Qa1 50. Rf1 Qd4 51. Be4 Rg5 52. Nf3 Qc3 53. Nxg5
Nxg5 54. f7+ Kf8 55. Bg2 e4 56. h4 Qe5+ 57. Kh1 Nxf7 58. Qxe4 Qg3 59. Qf4 Qxf4
60. Rxf4 Ke7 61. Rf1 Ne5 62. Ra1 Bf5 63. Rxa7+ Kf6 64. Rb7 Nd3 65. Bf1 1-0

[Event "Werner-Ott-Open Kreuzberger Sommer 2015"]
[Site "Berlin"]
[Date "2015.07.15"]
[Round "5.11"]
[White "Kuehn, Timo"]
[Black "Shapiro, Yosip"]
[Result "0-1"]
[WhiteElo "1900"]
[BlackElo "2114"]
[Annotator "Kreuzberg,Schachclub"]
[PlyCount "76"]
[EventDate "2015.??.??"]
[WhiteTeam "SV Unterkochen"]
[BlackTeam "SV Berolina Mitte"]

1. e4 {[%emt 0:00:00]} c6 2. d4 d5 3. exd5 cxd5 4. c4 Nf6 5. Nc3 Nc6 6. Nf3 g6
7. a3 Bg7 8. c5 a5 9. Bb5 O-O 10. O-O Bg4 11. Bxc6 bxc6 12. h3 Bxf3 13. Qxf3 e5
14. Be3 Nd7 15. Qd1 Qe7 16. Na4 f5 17. dxe5 Bxe5 18. Bh6 Rfb8 19. Qc2 Qf6 20.
Bc1 Rb5 21. Rb1 Rab8 22. Re1 Bd4 23. Bf4 Be5 24. Bxe5 Nxe5 25. Qc3 d4 26. Qc1
Kh8 27. Rd1 f4 28. f3 Rb3 29. Qd2 Rd3 30. Qf2 Re3 31. Nb6 d3 32. Rd2 Re8 33. b4
axb4 34. Rxb4 Qg5 35. Kf1 Nxf3 36. gxf3 Re1+ 37. Qxe1 Rxe1+ 38. Kxe1 Qg1# 0-1

[Event "Werner-Ott-Open Kreuzberger Sommer 2015"]
[Site "Berlin"]
[Date "2015.07.15"]
[Round "5.12"]
[White "Burger, Heinrich"]
[Black "Kather, Yannick"]
[Result "1/2-1/2"]
[WhiteElo "2088"]
[BlackElo "2037"]
[PlyCount "87"]
[EventDate "2015.??.??"]
[WhiteTeam "VfB Hermsdorf"]
[BlackTeam "SC Weisse Dame (Berlin)"]

1. d4 Nf6 2. c4 g6 3. g3 c6 4. Nf3 Bg7 5. Bg2 d5 6. b3 O-O 7. O-O dxc4 8. bxc4
c5 9. Bb2 Qb6 10. Qb3 Nc6 11. e3 Bf5 12. Nbd2 Ne4 13. Rfd1 Na5 14. Qa3 Rac8 15.
Rac1 Rfd8 16. Nxe4 Bxe4 17. Ba1 cxd4 18. c5 Qc6 19. exd4 Qb5 20. Bf1 Qd7 21.
Ng5 Bc6 22. d5 Ba4 23. Bh3 e6 24. Rd2 Qe7 25. Nf3 Bxa1 26. Qxa4 Rxc5 27. Rxa1
Qf6 28. Qd1 Nc4 29. Rc2 Rcxd5 30. Qf1 Na3 31. Rcc1 Qxf3 32. Bg2 Qd3 33. Bxd5
Qxf1+ 34. Kxf1 Rxd5 35. Rc7 b5 36. Rxa7 Nc4 37. Ke1 Kg7 38. Rd1 Re5+ 39. Kf1
Nb6 40. Rb1 Nc4 41. Rb4 g5 42. f3 Rd5 43. Ke1 Ne5 44. Rb3 1/2-1/2

[Event "Werner-Ott-Open Kreuzberger Sommer 2015"]
[Site "Berlin"]
[Date "2015.07.15"]
[Round "5.13"]
[White "Woerz, Markus"]
[Black "Niehaus, Frank"]
[Result "1/2-1/2"]
[WhiteElo "2009"]
[BlackElo "2214"]
[Annotator "Kreuzberg,Schachclub"]
[PlyCount "104"]
[EventDate "2015.??.??"]
[WhiteTeam "SC Kreuzberg"]
[BlackTeam "SK K[+]nig Tegel"]

1. e4 e5 2. Nf3 Nc6 3. Bb5 f5 4. Nc3 fxe4 5. Nxe4 d5 6. Nxe5 dxe4 7. Nxc6 Qg5
8. Qe2 Nf6 9. f4 Qxf4 10. d4 Qd6 11. Ne5+ c6 12. Bc4 Be6 13. c3 Bxc4 14. Qxc4
Qd5 15. Qb3 Qxb3 16. axb3 Bd6 17. Nc4 Bc7 18. O-O b5 19. Ne3 O-O 20. Nf5 Rfe8
21. Ne3 a5 22. Rf5 Bb6 23. Kf1 Rad8 24. Ke2 Re6 25. Bd2 g6 26. Rff1 Kg7 27. Nc2
h6 28. Bf4 Nd7 29. Rad1 g5 30. Bg3 Kg6 31. d5 cxd5 32. Rxd5 Nc5 33. Rxd8 Bxd8
34. Nd4 Ra6 35. Rf8 Be7 36. Re8 Kf7 37. Rb8 a4 38. Rxb5 axb3 39. Nxb3 Nd3 40.
Nd2 Ra2 {(=)} 41. Nxe4 Nxb2 42. Kf3 Nc4 43. Bf2 Ke6 44. Bc5 Ne5+ 45. Kg3 Re2
46. Bxe7 Rxe4 47. Bb4 Re3+ 48. Kf2 Ng4+ 49. Kf1 Nxh2+ 50. Kf2 Ng4+ 51. Kf1 Nh2+
52. Kf2 Ng4+ 1/2-1/2

[Event "Werner-Ott-Open Kreuzberger Sommer 2015"]
[Site "Berlin"]
[Date "2015.07.15"]
[Round "5.14"]
[White "Krefenstein, Sergej"]
[Black "Bonke, Hans-Juergen"]
[Result "1-0"]
[WhiteElo "2182"]
[BlackElo "1978"]
[Annotator "Kreuzberg,Schachclub"]
[PlyCount "45"]
[EventDate "2015.??.??"]
[WhiteTeam "TuS Makkabi Berlin"]
[BlackTeam "SC Kreuzberg"]

1. e4 {[%emt 0:00:00]} g6 2. d4 Bg7 3. Nc3 d6 4. f4 e6 5. Nf3 Ne7 6. Be3 Nd7 7.
Qd2 a6 8. Bd3 c6 9. O-O Nf6 10. Bf2 O-O 11. Bh4 Qc7 12. a4 b6 13. e5 Nfd5 14.
Ne4 dxe5 15. dxe5 f5 16. Nd6 a5 17. Nd4 Ra7 18. Bc4 b5 19. axb5 c5 20. Bxe7
cxd4 21. Bxf8 Bxf8 22. Qxd4 Bxd6 23. exd6 1-0

[Event "Werner-Ott-Open Kreuzberger Sommer 2015"]
[Site "Berlin"]
[Date "2015.07.15"]
[Round "5.15"]
[White "Dimitrijeski, Kristian"]
[Black "Thesing, Ansgar"]
[Result "1/2-1/2"]
[WhiteElo "2179"]
[BlackElo "1919"]
[PlyCount "163"]
[EventDate "2015.??.??"]
[WhiteTeam "SK K[+]nig Tegel"]
[BlackTeam "SC Kreuzberg"]

1. d4 Nf6 2. c4 g6 3. Nc3 d6 4. e4 Bg7 5. Nf3 O-O 6. Be2 e5 7. d5 Nbd7 8. O-O
a5 9. Bg5 h6 10. Bh4 Nc5 11. Qc2 g5 12. Bg3 Nh5 13. Nd2 Nf4 14. f3 h5 15. Bf2
b6 16. b3 Bh6 17. a3 Bd7 18. Rfb1 Qf6 19. Bf1 g4 20. b4 Nb7 21. fxg4 Bxg4 22.
c5 Qg5 23. Nc4 Nh3+ 24. Kh1 Nxf2+ 25. Qxf2 bxc5 26. bxa5 Nxa5 27. Nxa5 Rxa5 28.
Rb7 f5 29. exf5 Rxf5 30. Qe1 Qd2 31. Nb5 Qxe1 32. Rxe1 Bd2 33. Rb1 Rf7 34. Bd3
Bf5 35. Bxf5 Rxf5 36. Nxc7 Rf8 37. Rb8 Kh7 38. Ne8 Ra6 39. g4 hxg4 40. Rg1 e4
41. Rxg4 e3 42. Re4 Rf2 43. Rb7+ Kh6 44. Re6+ Kh5 45. Rh7+ Kg4 46. Rg7+ Kf3 47.
Rg3+ Ke2 48. Nxd6 Rxa3 49. Nc4 Ra1+ 50. Rg1 Rxg1+ 51. Kxg1 Rf4 52. Ne5 Kd1 53.
Kg2 e2 54. Nf3 e1=Q 55. Nxe1 Bxe1 56. Rc6 Rf2+ 57. Kg1 Rd2 58. d6 Bf2+ 59. Kf1
Be3 60. h4 Rf2+ 61. Kg1 Rf4+ 62. Kg2 Rxh4 63. Kf3 Kd2 64. d7 Rf4+ 65. Kg3 Rd4
66. Rxc5 Rxd7 67. Rb5 Rf7 68. Rb2+ Kd3 69. Rb3+ Ke4 70. Rb4+ Bd4 71. Kg4 Rg7+
72. Kh4 Ke5 73. Kh3 Kd5 74. Ra4 Ke4 75. Kh4 Ke3 76. Kh5 Rg8 77. Rb4 Ke4 78. Kh4
Ke3 79. Kh5 Bf6 80. Rg4 Rh8+ 81. Kg6 Kf3 82. Ra4 1/2-1/2

[Event "Werner-Ott-Open Kreuzberger Sommer 2015"]
[Site "Berlin"]
[Date "2015.07.15"]
[Round "5.16"]
[White "Wierzbicki, Jirawat"]
[Black "Gebigke, Martin"]
[Result "1/2-1/2"]
[WhiteElo "1972"]
[BlackElo "2148"]
[PlyCount "144"]
[EventDate "2015.??.??"]
[WhiteTeam "SK K[+]nig Tegel"]
[BlackTeam "SC Kreuzberg"]

1. e4 c5 2. c3 d5 3. exd5 Qxd5 4. d4 Nf6 5. Nf3 e6 6. Be3 Be7 7. Bd3 cxd4 8.
cxd4 O-O 9. O-O b6 10. Nc3 Qd8 11. Qe2 Bb7 12. Rad1 Nc6 13. a3 Rc8 14. Rc1 Qd6
15. Rfd1 Rfe8 16. Bb1 h6 17. Ba2 Qb8 18. h3 Rcd8 19. d5 exd5 20. Nxd5 Nxd5 21.
Bxd5 Bc5 22. Bxc6 Bxc6 23. Rxd8 Qxd8 24. Rc3 Qf6 25. Rc1 Bxf3 26. gxf3 Qf5 27.
Kg2 Re6 28. Rc4 h5 29. f4 Rg6+ 30. Kh2 Qd5 31. f3 Bxe3 32. Rc8+ Kh7 33. Qxe3
Re6 34. Qf2 Qd3 35. Rc2 Qd6 36. Rc4 Qd3 37. Rc2 g6 38. Rd2 Qb1 39. Rd7 Qf5 40.
Rd4 Rc6 41. Re4 Rc1 42. Kg2 Qd5 43. Qd4 Rc2+ 44. Kg3 Qb5 45. Re7 Qf5 46. Qe5 a5
47. Qxf5 gxf5 48. Rxf7+ Kg6 49. Rd7 Rxb2 50. Rd6+ Kf7 51. Kh4 Ke7 52. Rd5 Ke6
53. Re5+ Kf6 54. Re8 Rb3 55. Rb8 Kg6 56. Kg3 a4 57. Ra8 Rxa3 58. Ra6 Rb3 59.
Rxa4 Kf6 60. Kh4 Kg6 61. Kg3 Kf6 62. Kh4 Ke7 63. Kxh5 Kd6 64. Kg5 Rxf3 65. Kxf5
Rxh3 66. Kf6 b5 67. Ra5 Kc6 68. f5 b4 69. Ra8 b3 70. Rb8 Kc5 71. Kf7 Kc4 72. f6
Kc3 1/2-1/2

[Event "Werner-Ott-Open Kreuzberger Sommer 2015"]
[Site "Berlin"]
[Date "2015.07.15"]
[Round "5.17"]
[White "Federau, Juergen"]
[Black "Rudolph, Stephanie"]
[Result "1/2-1/2"]
[WhiteElo "2147"]
[BlackElo "1893"]
[PlyCount "93"]
[EventDate "2015.??.??"]
[WhiteTeam "SC Kreuzberg"]
[BlackTeam "SF Friedrichshagen"]

1. c4 Nf6 2. Nc3 c5 3. g3 e6 4. Nf3 b6 5. Bg2 Bb7 6. O-O d6 7. d4 cxd4 8. Qxd4
Nc6 9. Qf4 a6 10. e4 Qc7 11. b3 Ne5 12. Qe3 Nfg4 13. Qd2 Be7 14. Bb2 O-O 15.
Nd4 h5 16. Qe2 Ng6 17. Rad1 Rac8 18. Kh1 Rfe8 19. Rd2 Rcd8 20. Qd1 Bg5 21. Rc2
Be7 22. h3 Nf6 23. f4 h4 24. f5 Nf8 25. g4 d5 26. cxd5 exd5 27. Nxd5 Qg3 28.
Ne2 Qb8 29. Bxf6 Bxf6 30. Nxf6+ gxf6 31. Rd2 Rxd2 32. Qxd2 Bxe4 33. Nf4 Bxg2+
34. Qxg2 Qe5 35. Nh5 Nh7 36. Qc6 Qe2 37. Qf3 Qxf3+ 38. Rxf3 Re1+ 39. Kg2 Ng5
40. Nxf6+ Kg7 41. Nh5+ Kh6 42. Rd3 Re2+ 43. Kf1 Rxa2 44. Rd8 Nxh3 45. Rh8+ Kg5
46. Rg8+ Kh6 47. Rh8+ 1/2-1/2

[Event "Werner-Ott-Open Kreuzberger Sommer 2015"]
[Site "Berlin"]
[Date "2015.07.15"]
[Round "5.18"]
[White "Heerde, Thomas"]
[Black "Cusnariov, Nikolai"]
[Result "0-1"]
[WhiteElo "1984"]
[BlackElo "2131"]
[PlyCount "132"]
[EventDate "2015.??.??"]
[WhiteTeam "SC Weisse Dame (Berlin)"]
[BlackTeam "USV Potsdam"]

1. e4 c6 2. d3 d5 3. Nd2 g6 4. g3 Bg7 5. Bg2 dxe4 6. dxe4 Nf6 7. Ngf3 O-O 8.
O-O Qc7 9. Re1 e5 10. b3 Bg4 11. h3 Bxf3 12. Qxf3 Rd8 13. a4 Nbd7 14. Qe2 Nc5
15. Nc4 Ne6 16. c3 Nc5 17. Ba3 Bf8 18. Bxc5 Bxc5 19. b4 Bf8 20. Red1 b6 21.
Rxd8 Rxd8 22. Rd1 Rxd1+ 23. Qxd1 b5 24. Ne3 Bh6 25. Nc2 bxa4 26. Na3 Qd7 27.
Qxa4 Qd2 28. Qc2 Qe1+ 29. Kh2 Nh5 30. Nc4 Nf4 31. Nxe5 Ne2 32. h4 Qxf2 33. Qd3
Be3 34. Nf3 Qxg3+ 35. Kh1 Qf2 36. e5 Bb6 37. Qc4 Ng3+ 38. Kh2 Nf5 39. e6 Qg3+
40. Kh1 Qxg2+ 41. Kxg2 Ne3+ 42. Kh3 Nxc4 43. Ne5 fxe6 44. Nxc4 Bc7 45. Kg4 Kg7
46. h5 Kf6 47. Nd2 gxh5+ 48. Kxh5 Kf5 49. c4 e5 50. Nb3 Ke4 51. Nc5+ Kd4 52.
Ne6+ Kxc4 53. Nxc7 Kxb4 54. Na6+ Kb5 55. Nc7+ Kc4 56. Na6 Kd4 57. Nb4 Kc5 58.
Nd3+ Kd6 59. Kg5 e4 60. Nc1 Ke5 61. Kg4 a5 62. Nb3 a4 63. Na5 Kd5 64. Kf4 h5
65. Kg3 c5 66. Kh4 c4 0-1

[Event "Werner-Ott-Open Kreuzberger Sommer 2015"]
[Site "Berlin"]
[Date "2015.07.15"]
[Round "5.19"]
[White "Albrecht, Rainer"]
[Black "Acikel, Mert"]
[Result "1-0"]
[WhiteElo "2100"]
[BlackElo "1887"]
[PlyCount "75"]
[EventDate "2015.??.??"]
[WhiteTeam "SC Kreuzberg"]
[BlackTeam "SV Mattnetz Berlin"]

1. d4 d5 2. c4 e6 3. Nc3 Nf6 4. cxd5 exd5 5. Bg5 Be7 6. e3 c6 7. Bd3 O-O 8. Qc2
Nbd7 9. Nge2 Re8 10. O-O Nf8 11. f3 Be6 12. Rad1 Rc8 13. Bh4 N6d7 14. Bf2 f6
15. f4 Bd6 16. e4 dxe4 17. Nxe4 Nb6 18. Nc5 Bxc5 19. dxc5 Nd5 20. Nd4 Bg4 21.
Rd2 Nb4 22. Qb3+ Nd5 23. Bf5 Bxf5 24. Nxf5 Rc7 25. Nd6 Re6 26. f5 Rxd6 27. cxd6
Rd7 28. Rxd5 cxd5 29. Qxd5+ Kh8 30. Bc5 b6 31. Ba3 Qe8 32. h3 h6 33. Kf2 Qc8
34. Re1 Qc2+ 35. Re2 Qa4 36. Re8 Qc2+ 37. Kg3 Qc1 38. Rxf8+ 1-0

[Event "Werner-Ott-Open Kreuzberger Sommer 2015"]
[Site "Berlin"]
[Date "2015.07.15"]
[Round "5.20"]
[White "Kievelitz, Bernd"]
[Black "Zur, Jan"]
[Result "1/2-1/2"]
[WhiteElo "1953"]
[BlackElo "2093"]
[Annotator "Kreuzberg,Schachclub"]
[PlyCount "91"]
[EventDate "2015.??.??"]
[WhiteTeam "SC Zitadelle Spandau"]
[BlackTeam "SC Zugzwang 95 (Berlin)"]

1. Nf3 {[%emt 0:00:00]} d5 2. d4 Nf6 3. c4 dxc4 4. Qa4+ Nbd7 5. Nc3 c6 6. Qxc4
Nb6 7. Qd3 Be6 8. g3 Bc4 9. Qc2 e6 10. Bg2 Be7 11. O-O O-O 12. Rd1 Nbd5 13. e4
Nxc3 14. bxc3 Qa5 15. Nd2 Ba6 16. a4 Qh5 17. c4 Rfd8 18. Bb2 Rac8 19. Nf1 Rc7
20. h3 Rcd7 21. Ne3 Qg6 22. Rac1 Ne8 23. d5 cxd5 24. cxd5 Bg5 25. f4 Bf6 26.
Kh2 Bxb2 27. Qxb2 Nd6 28. Qd4 exd5 29. Nxd5 b6 30. Qb4 h5 31. Rc6 Bb7 32. Ne7+
Rxe7 33. Rcxd6 Rxd6 34. Rxd6 f6 35. Rd8+ Re8 36. Qe7 Rxd8 37. Qxd8+ Kh7 38. Qe7
Bc6 39. Qxa7 Bxe4 40. Qxb6 Bxg2 41. Kxg2 Qc2+ 42. Qf2 Qxa4 43. f5 Qe4+ 44. Qf3
Qc2+ 45. Qf2 Qe4+ 46. Qf3 1/2-1/2